Normal view
MARC view
- Stallcup, James G
Entry Personal Name
001 - CONTROL NUMBER
- control field: 64896
003 - CONTROL NUMBER IDENTIFIER
- control field: NUST
005 - DATE AND TIME OF LATEST TRANSACTION
- control field: 20210628203341.0
008 - FIXED-LENGTH DATA ELEMENTS
- fixed length control field: 210628|| aca||aabn | a|a d
040 ## - CATALOGING SOURCE
- Original cataloging agency: NUST
- Transcribing agency: NUST
100 ## - HEADING--PERSONAL NAME
- Personal name: Stallcup, James G
670 ## - SOURCE DATA FOUND
- Source citation: Work cat.: (NUST): Stallcup, James G, Stallcup's journeyman electrician's study guide, based on the nec and related standards, 2002
